000
00284nam a22001097a 4500
008
170117b xxu||||| |||| 00| 0 eng d
020
_a
9780834211704
041
_a
eng
080
_a
618.2
245
_a
NURSING CARE OF THE GENERAL PEDIATRIC SURGICAL PATIENT
_c
WISE, B.V
942
_2
udc
_c
BK
999
_c
3030
_d
3030